000 00278nam a2200133Ia 4500
100 _aPiskunov/N
942 _cBK
654 _acalculus
245 _aDifferential & Integral Calculus
260 _bMir Publishers
_c2001
082 _a515
300 _a895
546 _aENGLISH
999 _c25328
_d25328